Țările Asiei - Statistics

General Stats
  • This quiz has been taken 80 times
  • The average score is 36 of 48
Answers on the Map
Answers color-coded by a green-red scale on the quiz's map according to % correct below.
 
Answer Stats
Țară % Correct
China
100%
India
100%
Iran
100%
Georgia
96%
Mongolia
96%
Turcia
96%
Irak
93%
Israel
93%
Japonia
93%
Arabia Saudită
89%
Armenia
89%
Oman
89%
Pakistan
89%
Qatar
89%
Yemen
89%
Afganistan
85%
Siria
85%
Filipine
81%
Indonezia
81%
Laos
81%
Nepal
81%
Bangladesh
78%
Coreea de Sud
78%
Emiratele Arabe Unite
78%
Maldive
78%
Sri Lanka
78%
Vietnam
78%
Azerbaidjan
74%
Cipru
74%
Coreea de Nord
74%
Kazahstan
74%
Thailanda
74%
Iordania
70%
Taiwan
67%
Uzbekistan
67%
Cambodgia
63%
Turkmenistan
63%
Bhutan
56%
Kuweit
56%
Liban
56%
Singapore
56%
Malaezia
52%
Tadjikistan
52%
Bahrain
44%
Brunei
41%
Birmania
33%
Kârgâzstan
33%
Timorul de Est
33%
No matching quizzes found
Score Distribution
Percent of People with Each Score
Percentile by Number Answered
Your Score History
You have not taken this quiz